Algebraic structure theory of sequential machines
Na minha lista:
| Main Authors: | , |
|---|---|
| Formato: | Livro |
| Idioma: | inglês |
| Publicado em: |
Englewood Cliffs
Prentice-Hall
1966
|
| Colecção: | Prentice-Hall International Series in Applied Mathematics
|
| Assuntos: | |
| Tags: |
Adicionar Tag
Sem tags, seja o primeiro a adicionar uma tag!
|
MARC
| LEADER | 00000nam a2200000 a 4500 | ||
|---|---|---|---|
| 001 | UCU4047 | ||
| 003 | CL-VaPUC | ||
| 008 | 960517e19660000us |||||||||||||||||eng|d | ||
| 082 | 0 | 4 | |a 629.831 |b HAR |2 21 |
| 100 | 0 | |a Hartmanis, J |e author |9 361413 | |
| 700 | 0 | |a Stearns, Richard E |e author |9 361414 | |
| 245 | 1 | 0 | |a Algebraic structure theory of sequential machines |
| 300 | |a 211 p | ||
| 942 | |c BK | ||
| 945 | |d 19960517 00:00:00 |a cmena | ||
| 260 | |a Englewood Cliffs |b Prentice-Hall |c 1966 | ||
| 650 | 0 | |a Teoría de control |9 336624 | |
| 650 | 0 | |a Ingeniería de sistemas |9 261019 | |
| 650 | 0 | |a Automatización |9 299909 | |
| 650 | 0 | |a Matemática aplicada |9 260236 | |
| 650 | 0 | |a Programación de computadores |9 259531 | |
| 650 | 0 | |a Cibernética |9 270269 | |
| 650 | 0 | |a Lógica matemática |9 262442 | |
| 583 | |a last modification |c 20150424 03:59:48 |k Rodrigo Vera | ||
| 490 | 0 | |a Prentice-Hall International Series in Applied Mathematics | |
| 999 | |c 247873 |d 247871 | ||
| 952 | |0 0 |1 0 |4 0 |6 629_831000000000000_HAR_1966 |7 0 |8 A |9 264078 |a BIBING |b BIBING |d 2019-11-19 |i 1665367 |o 629.831 HAR 1966 |p 1665367 |r 2025-01-20 |w 2019-11-19 |y BK |k EIE | ||